[Event "Moron CC Philidor 3rd"]
[Site "Moron"]
[Date "2008.12.03"]
[Round "8"]
[White "Uelf, Maximiliano"]
[Black "Bova, Carmelo"]
[Result "1-0"]
[WhiteElo "1980"]
[BlackElo "2032"]
[PlyCount "43"]
[EventDate "2008.11.17"]
[EventType "tourn"]
[EventRounds "9"]
[EventCountry "ARG"]
[SourceTitle "EXT 2019"]
[Source "ChessBase"]
[SourceDate "2018.10.10"]
[SourceVersion "1"]
[SourceVersionDate "2018.10.10"]
[SourceQuality "1"]

1. e4 e5 2. Nf3 d6 3. d4 exd4 4. Nxd4 Nf6 5. Nc3 g6 6. Bg5 Bg7 7. Qf3 Nbd7 8. 0-0-0 0-0 9. h3 a6 10. g4 Qe8 11. Qe3 Nc5 12. Bg2 Ne6 13. Nxe6 fxe6 14. f4 Qf7 15. Rhf1 Nd7 16. f5 gxf5 17. exf5 Nb6 18. f6 Bh8 19. Bh6 Re8 20. Qg5+ Bg7 21. fxg7 Qg6 22. Rf8+ 1-0